000 00657nam a2200217 a 4500
001 BRCA_4145
005 20190320204548.0
008 150410s1949----mx-a######---#000-0#spa-#
041 _aspa
044 _amx
050 4 _aF1391.P3
_b.C47 1949
100 1 _aCervantes, Enrique A.
_d1935-
_910702
245 1 0 _aPátzcuaro en el año de 1936
_cEnrique A. Cervantes ; ilustraciones del autor.
260 _aMéxico
_bE. A. Cervantes
_c1949
300 _a1 v. (sin paginación)
_bil., 50 fotos
_c29 cm.
500 _aC174
651 4 _aPátzcuaro, Michoacán
_xDescripción
_910703
651 4 _aMéxico
_xDescripción
_910704
902 _aGFM
942 _2lcc
_cB
999 _c3861
_d3861